[Event "COL-chT (Women)"]
[Site "Ibague"]
[Date "2017.07.21"]
[Round "6.1"]
[White "Castrillon Gomez, Melissa"]
[Black "Soler, Soraya"]
[Result "1-0"]
[WhiteElo "2187"]
[BlackElo "1827"]
[PlyCount "45"]
[EventDate "2017.07.19"]
[EventType "team-swiss"]
[EventRounds "6"]
[EventCountry "COL"]
[SourceTitle "CBM 179 Extra"]
[Source "ChessBase"]
[SourceDate "2017.08.23"]
[SourceVersion "1"]
[SourceVersionDate "2017.08.23"]
[SourceQuality "1"]
[WhiteTeam "Antioquia (W)"]
[BlackTeam "Boyaca (W)"]
[WhiteTeamCountry "COL"]
[BlackTeamCountry "COL"]

1. e4 c5 2. Nf3 e6 3. d4 cxd4 4. Nxd4 a6 5. Nc3 d6 6. Bd3 Nf6 7. Qe2 Nbd7 8. f4 Be7 9. e5 dxe5 10. fxe5 Ng8 11. Nxe6 fxe6 12. Qh5+ Kf8 13. 0-0+ Ngf6 14. exf6 Nxf6 15. Ne4 Kg8 16. Nxf6+ Bxf6 17. Bg5 Qd4+ 18. Kh1 Bd7 19. Bxf6 gxf6 20. Rad1 Qxb2 21. Bc4 Be8 22. Bxe6+ Kg7 23. Rd7+ 1-0

[Event "COL-chT (Women)"]
[Site "Ibague"]
[Date "2017.07.20"]
[Round "4.1"]
[White "Soler, Soraya"]
[Black "Aguilar, Natalia Andrea"]
[Result "1-0"]
[WhiteElo "1827"]
[BlackElo "1923"]
[PlyCount "75"]
[EventDate "2017.07.19"]
[EventType "team-swiss"]
[EventRounds "6"]
[EventCountry "COL"]
[SourceTitle "CBM 179 Extra"]
[Source "ChessBase"]
[SourceDate "2017.08.23"]
[SourceVersion "1"]
[SourceVersionDate "2017.08.23"]
[SourceQuality "1"]
[WhiteTeam "Boyaca (W)"]
[BlackTeam "Risaralda (W)"]
[WhiteTeamCountry "COL"]
[BlackTeamCountry "COL"]

1. d4 d5 2. c4 Nf6 3. Nc3 e6 4. cxd5 exd5 5. Bg5 Nbd7 6. Nxd5 Nxd5 7. Bxd8 Bb4+ 8. Qd2 Bxd2+ 9. Kxd2 Kxd8 10. e3 N7f6 11. Nf3 Be6 12. a3 Ke7 13. Bd3 Rac8 14. b4 h6 15. Rac1 Rhd8 16. Rc2 c6 17. Rhc1 a6 18. Ne5 Ra8 19. h3 Nd7 20. Nc4 b6 21. Ke2 f5 22. Nd2 Nb8 23. Nf3 a5 24. b5 cxb5 25. Bxb5 Ra7 26. Ne5 g5 27. g3 Kf6 28. f3 Rg7 29. Kd3 f4 30. e4 Ne3 31. Re2 Bxh3 32. Rh1 Bf1 33. Rxh6+ Ke7 34. Rxb6 Kf8 35. gxf4 Ng2 36. f5 Bxe2+ 37. Kxe2 Nf4+ 38. Ke3 1-0

[Event "COL-chT (Women)"]
[Site "Ibague"]
[Date "2017.07.19"]
[Round "2.1"]
[White "Soler, Soraya"]
[Black "Ramirez, Heimy Polgar"]
[Result "0-1"]
[WhiteElo "1827"]
[BlackElo "2121"]
[PlyCount "42"]
[EventDate "2017.07.19"]
[EventType "team-swiss"]
[EventRounds "6"]
[EventCountry "COL"]
[SourceTitle "CBM 179 Extra"]
[Source "ChessBase"]
[SourceDate "2017.08.23"]
[SourceVersion "1"]
[SourceVersionDate "2017.08.23"]
[SourceQuality "1"]
[WhiteTeam "Boyaca (W)"]
[BlackTeam "Cundinamarca (W)"]
[WhiteTeamCountry "COL"]
[BlackTeamCountry "COL"]

1. d4 e6 2. Bf4 Nf6 3. Nf3 b6 4. e3 Bb7 5. Bd3 Be7 6. 0-0 0-0 7. h3 c5 8. c3 d5 9. Re1 Ne4 10. Nbd2 f5 11. Ne5 Nc6 12. Ndf3 Bd6 13. Nxc6 Bxc6 14. Bxd6 Nxd6 15. Ne5 Rc8 16. Qe2 Bb7 17. Rad1 c4 18. Bc2 b5 19. a3 Nf7 20. Nxf7 Rxf7 21. f3 Qh4 0-1

[Event "COL-ch (Women)"]
[Site "Ibague"]
[Date "2013.07.07"]
[Round "9"]
[White "Benavides Moncayo, Olga"]
[Black "Soler, Soraya"]
[Result "1-0"]
[WhiteElo "1874"]
[BlackElo "1658"]
[PlyCount "65"]
[EventDate "2013.07.01"]
[EventType "swiss"]
[EventRounds "9"]
[EventCountry "COL"]
[SourceTitle "EXT 2014"]
[Source "ChessBase"]
[SourceDate "2013.11.20"]
[SourceVersion "1"]
[SourceVersionDate "2013.11.20"]
[SourceQuality "1"]

1. e4 c5 2. c3 d5 3. exd5 Qxd5 4. Nf3 Nf6 5. d4 Nc6 6. Be2 e6 7. 0-0 cxd4 8. cxd4 g6 9. Nc3 Qd6 10. Nb5 Qd8 11. Bg5 Bg7 12. Ne5 a6 13. Nc3 Qxd4 14. Nxc6 Qxd1 15. Rfxd1 bxc6 16. Ne4 Nd5 17. Nd6+ Kd7 18. Nxf7 Rf8 19. Nh6 Bxb2 20. Rab1 Be5 21. Rb3 Rb8 22. Rxb8 Bxb8 23. Ng4 Ba7 24. Bh6 Rf5 25. Bf3 Kc7 26. Bg7 Rf7 27. Be5+ Kd8 28. Bg3 Rb7 29. Ne5 Bd7 30. h4 Be8 31. Bg4 Ke7 32. Re1 Nc7 33. Nc4 1-0

[Event "COL-ch (Women)"]
[Site "Ibague"]
[Date "2013.07.05"]
[Round "7"]
[White "Aguilar, Natalia Andrea"]
[Black "Soler, Soraya"]
[Result "1-0"]
[WhiteElo "1930"]
[BlackElo "1658"]
[PlyCount "44"]
[EventDate "2013.07.01"]
[EventType "swiss"]
[EventRounds "9"]
[EventCountry "COL"]
[SourceTitle "EXT 2014"]
[Source "ChessBase"]
[SourceDate "2013.11.20"]
[SourceVersion "1"]
[SourceVersionDate "2013.11.20"]
[SourceQuality "1"]

1. d4 d5 2. Nf3 Nf6 3. h3 a6 4. Bf4 Bf5 5. e3 e6 6. c4 c6 7. Be2 Be7 8. Nc3 0-0 9. a4 Nbd7 10. c5 h6 11. 0-0 Ne4 12. a5 Re8 13. Ne5 Bh7 14. Nxd7 Qxd7 15. Na4 Bd8 16. Nb6 Bxb6 17. axb6 f6 18. Bg4 Qf7 19. h4 e5 20. Bh2 exd4 21. exd4 f5 22. Be2 Re6 1-0